Electrical principles

Bibliographic Details
Main Author: Johnson, David E. (Author)
Format: Book
Published: New York : Prentice Hall , c1991
Subjects:

MARC

LEADER 00000cam a2200000 7i4500
001 0000007454
005 20110321093000.0
008 021119s1991
020 |a 9810026994 
090 0 0 |a TK146   |b .E43 1991 
245 0 0 |a Electrical principles   |c David E. Johnson... [et al.] 
260 2 |a New York :   |b Prentice Hall ,   |c c1991 
300 |a xv, 839 p. ;   |c 23 cm. 
504 |a Includes indexs 
650 0 |a Electrical engineering 
650 0 |a Electricity 
700 0 |a Johnson, David E. ,   |e author 
999 |a 1000032655   |b Book   |c OPEN SHELF (30 DAYS)   |e Gong Badak Campus